Welcome to WEB OPAC of MRSPTU Central Library

History will prove me right (ਇਤਿਹਾਸ ਮੈਨੂੰ ਸਹੀ ਸਾਬਤ ਕਰੇਗਾ) (Record no. 9903)

MARC details
000 -LEADER
fixed length control field 00457nam a22001337a 4500
003 - CONTROL NUMBER IDENTIFIER
control field OSt
005 - DATE AND TIME OF LATEST TRANSACTION
control field 20240320114629.0
008 - FIXED-LENGTH DATA ELEMENTS--GENERAL INFORMATION
fixed length control field 240320b |||||||| |||| 00| 0 eng d
040 ## - CATALOGING SOURCE
Transcribing agency Central Library MRSPTU
100 ## - MAIN ENTRY--PERSONAL NAME
Personal name Fidel Castro (ਫਿਡੇਲ ਕਾਸਟਰੋ)
245 ## - TITLE STATEMENT
Title History will prove me right (ਇਤਿਹਾਸ ਮੈਨੂੰ ਸਹੀ ਸਾਬਤ ਕਰੇਗਾ)
260 ## - PUBLICATION, DISTRIBUTION, ETC.
Place of publication, distribution, etc. Barnala
Name of publisher, distributor, etc. Tarkbharti Publication
Date of publication, distribution, etc. 2005
942 ## - ADDED ENTRY ELEMENTS (KOHA)
Source of classification or shelving scheme Dewey Decimal Classification
Koha item type Book
Suppress in OPAC No
Holdings
Withdrawn status Lost status Source of classification or shelving scheme Damaged status Not for loan Collection Home library Current library Date acquired Total checkouts Barcode Date due Date last seen Date last checked out Price effective from Koha item type
    Dewey Decimal Classification     BK MRSPTU Central Library MRSPTU Central Library 03/20/2024 2 G-65 04/08/2026 03/18/2026 03/18/2026 03/20/2024 Book

Website Designed and Developed by MRSPTU Central Library Team

E-mail Id: librarian@mrsptu.ac.in